Manual de direito processual : (Record no. 969)

MARC details
000 -LÍDER
Campo Fixo de Controle 00692nam a2200229 a 4500
001 - NÚMERO DE CONTROLE
Campo de Controle 969
003 - IDENTIFICAÇÃO DO NÚMERO DE CONTROLE
Campo de Controle BR-CuiBMT
005 - DATA E HORA DA ÚLTIMA ATUALIZAÇÃO
Campo de Controle 20231124014239.0
008 - DADOS FIXOS
Dados Fixos 231124s2003 spb 001 0 por d
020 ## - INTERNATIONAL STANDARD BOOK NUMBER
Nº do ISBN 850204396X
040 ## - AGÊNCIA CATALOGADORA
Código da Agência Catalogadora BR-CuiBMT
Agência que transcreveu o registro BR-CuiBMT
080 ## - Nº DA CLASSIFICAÇÃO DECIMAL UNIVERSAL
Nº edição CDU 2007
Nº Class. CDU 347.91/.95
090 ## - NÚMERO DE CHAMADA
Nº classificação 347.91/.95
Cutter S237m
Ano/Edição 10. ed.
100 1# - ENTRADA PRINCIPAL -- AUTOR PESSOAL
Nome pessoal Santos, Ernane Fidelis dos
Datas associadas ao nome 1940-
245 10 - TÍTULO PRINCIPAL
Título principal Manual de direito processual :
Subtítulo processo do conhecimento /
Indicação de responsabilidade Ernane Fidélis dos Santos.
250 ## - EDIÇÃO
Edição 10. ed. rev. e atual.
260 ## - PUBLICAÇÃO, DISTRIBUIÇÃO, ETC.
Local de publicação São Paulo :
Editora Saraiva,
Data 2003.
300 ## - DESCRIÇÃO FÍSICA
N. páginas ou volumes 891 p. ;
Dimensões 24 cm
504 ## - NOTA DE BIBLIOGRAFIA, ETC.
Nota de bibliografia Inclui bibliografia e índice.
650 ## - ASSUNTO TÓPICO
Cabeçalho tópico ou nome geográfico Processo civil
Subdivisão geográfica Brasil
942 ## - ELEMENTOS DE ENTRADA ADICIONAIS (KOHA)
Fonte de classificação ou esquema de arquivamento Classificação Decimal Universal
Tipo de item do Koha Livros
Holdings
Estado: removido Estado: perdido Fonte de classificação ou esquema de arquivamento Estado: danificado Indisponível para empréstimo Localização permanente Localização atual Data de aquisição Numeração serial ou cronológica (Volume) Total Checkouts Número de Chamada completo Código de barras Date last seen Número do exemplar Preço efetivo a partir de Tipo de item (Koha)
    Classificação Decimal Universal     Biblioteca da Escola Superior de Contas do TCE/MT Biblioteca da Escola Superior de Contas do TCE/MT 23/09/2008 v. 1   347.91/.95 S237m 10. ed. BIBTCEMT23111036 24/11/2023 Ex. 1 24/11/2023 Livros

Powered by Koha